000 00436nam a2200157 i 4500
001 bg
245 0 _aPodstawy prawno-ustrojowe Rzeczypospolitej Polskiej :
_bnajwyższe organy sądowe /
_coprac. Anna i Ronald Sypniewscy.
260 _aWarszawa,
_c1993.
700 1 _aSYPNIEWSKA, Anna
700 1 _aSYPNIEWSKI, Ronald
040 _cBPK
041 _apol
080 _a342
942 _cKS
008 s pl f |000 0 pol
999 _c29765
_d29765
856 _uhttp://koha.tu.koszalin.pl/cgi-bin/koha/opac-detail.pl?biblionumber=29765
_yKatalog online BPK